| 000 | 00741nam a2200253 i 4500 | ||
|---|---|---|---|
| 001 | bg | ||
| 100 | 1 | _aJONES, Allen | |
| 245 | 1 | 0 |
_aC# - księga przykładów / _cAllen Jones ; [przekł. Ewa Górska]. |
| 246 |
_iTyt. oryg.: _aC# programmer's cookbook |
||
| 260 |
_aWarszawa : _bAPN Promise, _c2005. |
||
| 300 |
_aXII, 546 s. ; _c24 cm. |
||
| 500 | _aTyt. oryg.: "C# programmer's cookbook". | ||
| 504 | _aIndeks. | ||
| 650 | 9 | _aC# | |
| 655 | _aPodręczniki | ||
| 020 | _a8388440691 | ||
| 040 | _cBPK | ||
| 041 | 1 |
_apol _heng |
|
| 080 | _a004.438A/Z(07) | ||
| 920 | _a83-88440-69-1 | ||
| 942 | _cKS | ||
| 008 | s pl f |000 0 pol | ||
| 999 |
_c52135 _d52135 |
||